000
00301nam a2200145Ia 4500
100
_a
Khurmi/R.S.
650
_a
Production.
942
_c
BK
366
_f
20
245
_a
Strength Of Materials.
260
_b
S.Chand & Co.
_a
New Delhi.
082
_a
621.1/KHU
300
_a
765
546
_a
ENGLISH
999
_c
20399
_d
20399